000 00302nam a2200121Ia 4500
008 220204s9999 xx 000 0 und d
082 _a681.121.8
_bARO
100 _aArora, Y L
245 0 _aFlow measurement techniques
260 _aBombay
_bUniversal
_c1978
650 _aFlow measurement
942 _cBK
999 _c29612
_d29612